Statystyki dla Kraje najbliższe Watykanowi dwoma pierwszymi literami

Kliknij tutaj aby rozwiązać quiz!

Ogólne statystyki

  • Ten quiz został rozwiązany 459 razy
  • Średni wynik to 13 z 21

Statystyki odpowiedzi

kraj% Poprawnych
Włochy
99%
Francja
84%
San Marino
81%
Szwajcaria
71%
Austria
70%
Chorwacja
67%
Macedonia
Północna
67%
Malta
67%
Albania
64%
Algieria
64%
Słowenia
62%
Niemcy
59%
Czarnogóra
58%
Liechtenstein
53%
Monako
51%
Serbia
51%
Bośnia i
Hercegowina
50%
Grecja
49%
Tunezja
35%
Węgry
32%
Kosowo
31%

Rozkład punktacji

Percentyl według liczby udzielonych odpowiedzi

Procent ludzi z każdym wynikiem

Twoja historia wyników

Nie rozwiązałeś tego quizu